| LEADER |
01172nam0a2200253 450 |
| 001 |
16868284 |
| 010 |
|
|
|a 978-2-330-01942-6
|b br.
|d 23,5
|
| 100 |
|
|
|a 20130513d2013 u u0frey01 ba
|
| 101 |
1 |
|
|a fre
|c fre
|
| 102 |
|
|
|a FR
|
| 200 |
0 |
|
|a Défense de tuer
|f Louise Penny
|g traduit de l'anglais (Canada) par Claire Chabalier et Louise Chabalier
|
| 207 |
|
1 |
|a
|
| 210 |
|
|
|a Arles
|b 43-47 Rue du docteur Fanton. - Passage du Méjan
|c Actes Sud
|d 2013
|
| 215 |
|
|
|a 1 vol. (320 p.)
|d 24 x 15 cm
|
| 225 |
1 |
|
|a Actes noirs
|x 1952-2142
|
| 330 |
|
|
|a Dans le même hôtel, séjournent l'inspecteur Armand Gamache qui fête son anniversaire de mariage et une riche famille venue rendre hommage à son défunt patriarche. C'est alors qu'une tempête s'abat, laissant derrière elle un cadavre presque trop bien mis en scène...
|
| 461 |
|
0 |
|t Armand Gamache
|v 04
|
| 606 |
0 |
|
|a Littérature canadienne de langue anglaise
|
| 700 |
|
0 |
|a Penny
|b Louise
|f 1958-....
|4 70
|
| 702 |
|
0 |
|a Chabalier
|b Claire
|4 730
|
| 702 |
|
0 |
|a Chabalier
|b Louise
|4 730
|
| 900 |
|
|
|a Policier
|
| 901 |
|
|
|a Adultes
|
| 995 |
|
|
|a Médiathèque
|c Médiathèque
|f 00156009986795
|h 00156009986795
|k RP PEN
|o p
|q a
|r az
|e Médiathèque
|